• 首页
  • 本馆介绍
  • 公告通知
  • 最新文献
  • 馆藏检索
  • 电子资源
  • 读者导购
  • 参考咨询
  • 我的图书馆
  • 登录
  • 详细信息显示
  • 放入我的书架
  • 预约/预借图书
  • 作者相关作品
  • 分类相关作品
  • 丛书相关作品
  • 出版社相关作品

书目信息

  • 表格格式
  • 工作单格式
  • 卡片格式
题名:
世界经济参考资料
    
 
作者: ;国家计委经济研究所世界经济室 编
分册: 第一集  
出版信息: 北京   中国财政经济出版社  1979
页数: 329页
开本: 20cm
丛书名:
单 册:
中图分类: F11 , F112
科图分类:
主题词: 经济--世界 , 国际经济关系 , 世界经济--参考资料
电子资源:
ISBN:
000 00788nam2 2200265 45
001 0179002104
005 20060818152300.15
010    @dCNY1.15
091    @a4166.127
100    @a19950714d1979 em y0chiy0121 ea
101 0  @achi
102    @aCN@b110000
105    @ay z 000yy
200 10 @a世界经济参考资料@Ashi jie jing ji can kao zi liao@h第一集@f国家计委经济研究所世界经济室编
210    @a北京@c中国财政经济出版社@d1979
215    @a329页@d20cm
300    @a内部发行
606 0  @a经济@x世界
606 0  @a国际经济关系
606    @a世界经济@x参考资料
690    @aF11
690    @aF112@v3
711 02 @a国家计委经济研究所世界经济室@Aguo jia ji wei jing ji yan jiu suo shi jie jing ji shi@4编
801  0 @aCN@bNLC@c20060818
905    @f2@b172485-486@dF11@e9:1@b33264@f1
    
    世界经济参考资料.第一集/国家计委经济研究所世界经济室编.-北京:中国财政经济出版社,1979
    329页;20cm
    内部发行
    
    ISBN :CNY1.15
    
●
相关链接 在E读中查询图书 在五车中查询图书 在当当中查询图书 在豆瓣中查询图书


正题名:世界经济参考资料     索取号:F11/9:1         预约/预借

序号 登录号 条形码 馆藏地/架位号 状态 备注
1 0033264   000196362   密集书库/ [索取号:F11/9:1] 在馆    
2 0172485   000196442   密集书库/ [索取号:F11/9:1] 在馆    
3 0172486   000196406   第一样本阅览室/ [索取号:F11/9:1] 在馆    
4 0469174   204691743   密集书库/ [索取号:F11/9:1] 在馆    
唐山师范学院图书馆 欢迎您!
大连网信软件有限公司© 版权所有